Statistical pattern recognition
Αποθηκεύτηκε σε:
| Κύριος συγγραφέας: | |
|---|---|
| Μορφή: | Βιβλίο |
| Γλώσσα: | English |
| Δημοσίευση: |
West Sussex, England; New Jersey :
Wiley,
c2002
|
| Έκδοση: | 2nd ed. |
| Θέματα: | |
| Ετικέτες: |
Προσθήκη ετικέτας
Δεν υπάρχουν, Καταχωρήστε ετικέτα πρώτοι!
|
MARC
| LEADER | 00000nam a2200000 i 4500 | ||
|---|---|---|---|
| 001 | 1/47238 | ||
| 008 | 070702s2002 eng d | ||
| 020 | |a 978-0470-84514-1 (pbk.) | ||
| 020 | |a 0-470-84514-7 (pbk.) | ||
| 020 | |a 978-0470-84513-4 (hbk.) | ||
| 035 | |l 10088588 | ||
| 040 | |a GR-MY-UA |b gre |e aacr | ||
| 041 | 0 | |a eng | |
| 082 | 0 | |a 006.4 |2 (22) | |
| 100 | 1 | |a Webb, A. R. |q (Andrew R.) | |
| 245 | 1 | 0 | |a Statistical pattern recognition / |c Andrew R. Webb |
| 250 | |a 2nd ed. | ||
| 260 | |a West Sussex, England; New Jersey : |b Wiley, |c c2002 | ||
| 300 | |a xviii, 496 σ.; |b εικ.; |c 25 εκ. | ||
| 500 | |a Το Παράρτημα της Χίου διαθέτει την ανατύπωση του 2007 | ||
| 504 | |a Περιέχει βιβλιογραφικές παραπομπές (σ. [459]-490) και ευρετήριο | ||
| 650 | 0 | 0 | |a Pattern perception |x Statistical methods. |
| 650 | 0 | 0 | |a Decision making |x Mathematical models. |
| 650 | 0 | 0 | |a Mathematical statistics. |
| 852 | |a INST |b CHIOS |e 20080408 |h 006.4 WEB |p 005200027426 |q 005200027426 |t BK |y 4 |x 20101221 | ||
| 852 | |a INST |b LESVOS |e 20070702 |h 006.4 WEB |p 005100037976 |q 005100037976 |t BK |y 0 | ||
| 852 | |a INST |b SAMOS |e 20071204 |h 006.4 WEB |p 005300027548 |q 005300027548 |t BK |y 0 | ||
| 901 | |a BIBL3-2007-3 | ||
| 901 | |a BIBL1-2007-2 | ||
| 901 | |a BIBL2-2008-1 | ||
| 909 | |a Χ |b 151818 | ||
| 909 | |a Σ |b 140600 | ||
| 909 | |a Λ |b 135413 | ||
| 922 | |a 2ΕΛΗ |b 200803 |c ΕΠΕΑΕΚ2/ΤΜΟΔ |d ΕΛΕΥΘΕΡΟΥΔΑΚΗΣ | ||
| 922 | |a 3ΕΛΗ |b 200711 |c ΕΠΕΑΕΚ2/ΤΜΠΕΣ |d ΕΛΕΥΘΕΡΟΥΔΑΚΗΣ | ||
| 922 | |a 1ΕΛΗ |b 200706 |c ΕΠΕΑΕΚ2/ΤΓ |d ΠΑΠΑΣΩΤΗΡΙΟΥ | ||
| 970 | |a ΚΑΡΑ |b ΓΙΑΣΕΜΗ |z 2007/07/02 | ||